000 00927nam a22002057a 4500
005 20260212082835.0
008 240902b ||||| |||| 00| 0 eng d
082 _aDPer 796.07 J826 July-October 2019 January-April 2020 v. 38, 39 n. 3-4, 1-2
100 _aPrior, Laura.
_eauthor.
_959801
245 _aInfluence of occupational socialization on elementary physical education teachers' beliefs and curricula /
_cLaura Prior and Matthew Curtner-smith.
260 _aChampaign, Illinois ;
_bHuman Kinetics, Inc. ,
_cJanuary 2020.
300 _aVolume 39, pages 9-17 :
_billustration ;
_c28 cm.
500 _aJournal of Teaching in Physical Education, vol. 39, no. 1, pages 9-17, January 2020.
650 0 _aBeliefs.
_967077
650 0 _aTeacher attitudes.
_967078
650 0 _aSocialization.
_930512
700 _aPrior, Laura.
_eauthor.
_959801
700 _aCurtner-smith, Matthew.
_eauthor.
_959802
942 _2ddc
_cPER
999 _c21178
_d21178